000 nam a22 7a 4500
999 _c9381
_d9381
008 180129b ||||| |||| 00| 0 eng d
100 _aWestwood,P.
_95613
245 _aReading And Writing Difficulties
260 _aAUSTRALIA
_bACER
_c2008